| 000 | 00807nam a22002177a 4500 | ||
|---|---|---|---|
| 003 | UA-OsUOA | ||
| 001 | 55071 | ||
| 007 | ta | ||
| 008 | 20080808b un ||||| |||| 00| 0 ukr d | ||
| 100 | _aСтойко Н. Г. | ||
| 090 |
_a343.1:341.4 _bС81 |
||
| 942 | _cBK | ||
| 040 |
_aUA-OsUOA _cUA-OsUOA _dUA-OsUOA |
||
| 245 | _aУголовный процесс западных государств и России: сравнительное теоретико-правовое исследование англо-американской и романо-германской правовых систем | ||
| 300 | _a264 с. | ||
| 955 | _a1 | ||
| 080 | _a343.1:341.4 | ||
| 260 |
_aСПб _c2006 |
||
| 650 | 7 |
_a343 Кримінальне право. Карні порушення _2UDC |
|
| 999 |
_c341153 _d341153 |
||